000 01110nam a2200229Ia 4500
999 _c34564
_d34564
001 325
003 GE_BSU
005 20200124170254.0
008 181216s1997||||ge |||||||||||||| ||geo||
040 _cGE_BSU
041 _ageo
080 _a330.101.54(075.8) კ-37
100 _aკახნიაშვილი, ჯემალ
_96364
245 _aმაკროეკონომიკა :
_b სახელმძღვანელო. ნ. 2. თეორია და პოლიტიკა /
_cჯემალ კახნიაშვილი; [მეცნ.-რედ. როზეტა ასათიანი].
264 _aთბილისი :
_bსიახლე,
_c1997.
300 _a180 გვ.;
_b19 სმ.
504 _aბიბლიოგრ. ტექსტის შენიშვნ. და თავების ბოლოს.
520 _aრეზ. რუს. და ინგლ. ენ.
653 _aმაკროეკონომიკა
700 _a ასათიანი, როზეტა
_eრედაქტორი
_96365
942 _cBK
_2udc